Bundesliga winners - Statistics

General Stats
  • This quiz has been taken 125 times
    17 since last reset
  • The average score is 57 of 63
Answer Stats
Season Winner % Correct
1968-69 Bayern Munich
100%
1971-72 Bayern Munich
100%
1972-73 Bayern Munich
100%
1973-74 Bayern Munich
100%
1979-80 Bayern Munich
100%
1980-81 Bayern Munich
100%
1984-85 Bayern Munich
100%
1985-86 Bayern Munich
100%
1986-87 Bayern Munich
100%
1988-89 Bayern Munich
100%
1989-90 Bayern Munich
100%
1993-94 Bayern Munich
100%
1996-97 Bayern Munich
100%
1998-99 Bayern Munich
100%
1999-2000 Bayern Munich
100%
2000-01 Bayern Munich
100%
2002-03 Bayern Munich
100%
2004-05 Bayern Munich
100%
2005-06 Bayern Munich
100%
2007-08 Bayern Munich
100%
2009-10 Bayern Munich
100%
2012-13 Bayern Munich
100%
2013-14 Bayern Munich
100%
2014-15 Bayern Munich
100%
2015-16 Bayern Munich
100%
2016-17 Bayern Munich
100%
2017-18 Bayern Munich
100%
2018-19 Bayern Munich
100%
2019-2020 Bayern Munich
100%
2020-21 Bayern Munich
100%
2021-22 Bayern Munich
100%
2022-23 Bayern Munich
100%
2024-25 Bayern Munich
100%
2025-26 Bayern Munich
100%
1994-95 Borussia Dortmund
100%
1995-96 Borussia Dortmund
100%
2001-02 Borussia Dortmund
100%
2010-11 Borussia Dortmund
100%
2011-12 Borussia Dortmund
100%
1978-79 Hamburger SV
100%
1981-82 Hamburger SV
100%
1982-83 Hamburger SV
100%
2023-24 Bayer 04 Leverkusen
87%
2008-09 VfL Wolfsburg
87%
1969-70 Borussia Mönchengladbach
80%
1970-71 Borussia Mönchengladbach
80%
1974-75 Borussia Mönchengladbach
80%
1975-76 Borussia Mönchengladbach
80%
1976-77 Borussia Mönchengladbach
80%
1983-84 VfB Stuttgart
80%
1991-92 VfB Stuttgart
80%
2006-07 VfB Stuttgart
80%
1964-65 Werder Bremen
80%
1987-88 Werder Bremen
80%
1992-93 Werder Bremen
80%
2003-04 Werder Bremen
80%
1963-64 1. FC Köln
73%
1977-78 1. FC Köln
73%
1967-68 1. FC Nürnberg
60%
1990-91 1. FC Kaiserslautern
53%
1997-98 1. FC Kaiserslautern
53%
1965-66 1860 Munich
33%
1966-67 Eintracht Braunschweig
20%
No matching quizzes found
Score Distribution
Percent of People with Each Score
Percentile by Number Answered
Your Score History
You have not taken this quiz since the last reset